[Event "Seniorsko prvenstvo Centralne "]
[Site "Vrnjacka Banja"]
[Date "2008.11.10"]
[Round "4.1"]
[White "Rajkovic, Dusan"]
[Black "Misailovic, Nebojsa"]
[Result "1-0"]
[WhiteElo "2474"]
[BlackElo "2267"]
[PlyCount "69"]
[EventDate "2008.11.08"]

1. d4 Nf6 2. c4 g6 3. Nc3 d5 4. Nf3 Bg7 5. Bg5 c5 6. cxd5 Nxd5 7. e3 cxd4 8.
exd4 O-O 9. Be2 Nc6 10. O-O Be6 11. Qd2 Qa5 12. Bh6 Rad8 13. Bxg7 Kxg7 14. h3
Nf6 15. Rfd1 Rd6 16. Qe3 Rfd8 17. a3 Bb3 18. Rd2 Re6 19. Qd3 a6 20. Rc1 Qb6 21.
Bd1 Red6 22. Qe3 Re6 23. Qf4 Nd5 24. Qh4 Nxc3 25. bxc3 Bd5 26. Be2 h6 27. Qf4
Qa5 28. Ne5 Rf6 29. Qe3 Qxa3 30. Rb1 Be6 31. Rxb7 Nxe5 32. dxe5 Qc1+ 33. Kh2
Qxd2 34. exf6+ exf6 35. Qxe6 1-0

[Event "Seniorsko prvenstvo Centralne "]
[Site "Vrnjacka Banja"]
[Date "2008.11.10"]
[Round "4.2"]
[White "Lajthajm, Borko"]
[Black "Zivkovic, Ivan B"]
[Result "1-0"]
[WhiteElo "2498"]
[BlackElo "2322"]
[PlyCount "63"]
[EventDate "2008.11.08"]

1. c4 Nf6 2. Nc3 e5 3. Nf3 Nc6 4. e4 Bc5 5. Nxe5 Bxf2+ 6. Kxf2 Nxe5 7. d4 Nfg4+
8. Ke1 Qh4+ 9. g3 Qf6 10. Bf4 Qb6 11. Rb1 Qxd4 12. Qe2 c6 13. h3 Nf6 14. Rd1
Qc5 15. Nd5 cxd5 16. Bxe5 dxc4 17. Bd6 Qa5+ 18. Kf2 b5 19. e5 Ng8 20. Bg2 Bb7
21. Qg4 Qb6+ 22. Kf1 g6 23. Qh4 h6 24. Rh2 g5 25. Qg4 Bxg2+ 26. Rxg2 Rc8 27.
Qf5 Rc6 28. Rf2 f6 29. exf6 Rxd6 30. f7+ Kf8 31. fxg8=Q+ Kxg8 32. Qf7# 1-0

[Event "Seniorsko prvenstvo Centralne "]
[Site "Vrnjacka Banja"]
[Date "2008.11.10"]
[Round "4.3"]
[White "Djosic, Slavoljub"]
[Black "Antic, Dejan"]
[Result "1/2-1/2"]
[WhiteElo "2256"]
[BlackElo "2489"]
[PlyCount "55"]
[EventDate "2008.11.08"]

1. b3 d5 2. Bb2 Bg4 3. g3 e6 4. Bg2 Nf6 5. d3 c6 6. Nd2 a5 7. a3 Nbd7 8. Ngf3
Be7 9. O-O O-O 10. e4 b5 11. Qe2 Qb6 12. Rab1 Rfc8 13. Rfc1 Qd8 14. h3 Bh5 15.
Re1 Qf8 16. Ra1 Rab8 17. g4 Bg6 18. Nh4 dxe4 19. Nxg6 hxg6 20. dxe4 e5 21. Nf3
Bd6 22. Red1 Rd8 23. Rd2 Qe7 24. Rad1 Bc7 25. Qe3 Bb6 26. Qe2 Bc7 27. Qe3 Bb6
28. Qe2 1/2-1/2

[Event "Seniorsko prvenstvo Centralne "]
[Site "Vrnjacka Banja"]
[Date "2008.11.10"]
[Round "4.4"]
[White "Abramovic, Bosko"]
[Black "Nikolic, Stanimir"]
[Result "0-1"]
[WhiteElo "2484"]
[BlackElo "2291"]
[PlyCount "86"]
[EventDate "2008.11.08"]

1. d4 d5 2. Nf3 Nf6 3. c4 c6 4. e3 e6 5. Nbd2 Nbd7 6. Bd3 c5 7. b3 cxd4 8. exd4
b6 9. O-O Bb7 10. Qe2 Be7 11. Bb2 O-O 12. Rfe1 Re8 13. Rad1 Nf8 14. Ne5 Bd6 15.
a3 Qe7 16. Ra1 Rac8 17. Red1 Red8 18. Nf1 Ne4 19. f3 Nf6 20. Ne3 Nh5 21. g3 Nf6
22. N3g4 Ne8 23. f4 f6 24. Nf3 Ba8 25. Ne3 dxc4 26. bxc4 Nc7 27. Re1 Qe8 28.
Nd2 f5 29. Nf3 Qd7 30. Ne5 Bxe5 31. fxe5 b5 32. cxb5 Nd5 33. Qd2 Nxe3 34. Rxe3
Qd5 35. Kf2 Nd7 36. Rg1 Nb6 37. g4 f4 38. Rh3 g6 39. Qb4 Rd7 40. g5 Nc4 41. Ke2
Ne3 42. Ba1 Rdc7 43. Kd2 Qa2+ 0-1

[Event "Seniorsko prvenstvo Centralne "]
[Site "Vrnjacka Banja"]
[Date "2008.11.10"]
[Round "4.5"]
[White "Somborski, Nebojsa"]
[Black "Lazic, Dragoljub"]
[Result "1/2-1/2"]
[WhiteElo "2379"]
[BlackElo "2320"]
[PlyCount "28"]
[EventDate "2008.11.08"]

1. e4 c5 2. Nf3 d6 3. d4 cxd4 4. Nxd4 Nf6 5. Nc3 a6 6. Be2 e5 7. Nb3 Be7 8. Bg5
Be6 9. Bxf6 Bxf6 10. Qd3 Bg5 11. Rd1 Nc6 12. a3 Qb6 13. Nd5 Bxd5 14. Qxd5 Rd8
1/2-1/2

[Event "Seniorsko prvenstvo Centralne "]
[Site "Vrnjacka Banja"]
[Date "2008.11.10"]
[Round "4.6"]
[White "Arsovic, Zoran"]
[Black "Damjanovic, Dragan"]
[Result "1/2-1/2"]
[WhiteElo "2480"]
[BlackElo "2229"]
[PlyCount "137"]
[EventDate "2008.11.08"]

1. Nf3 d5 2. c4 c6 3. d4 Nf6 4. e3 Bf5 5. cxd5 cxd5 6. Nc3 e6 7. Nh4 Bg6 8. Be2
Nc6 9. Bd2 Bd6 10. g3 a6 11. O-O O-O 12. Nxg6 hxg6 13. Bf3 Rc8 14. Rc1 b5 15.
h4 Qe7 16. Qe2 Rc7 17. Qd3 Rfc8 18. Qb1 Bb4 19. a3 Bxc3 20. Rxc3 Nd8 21. Rxc7
Qxc7 22. Rc1 Qd7 23. Rc2 Rc6 24. Qc1 Qc8 25. Rxc6 Qxc6 26. Qxc6 Nxc6 27. Be2
Ne4 28. Be1 Nd6 29. b3 f5 30. Bd3 Kf7 31. f3 Ke7 32. Kg2 Kf7 33. Kh3 Ke7 34.
Bc3 Kf7 35. g4 a5 36. Bb2 b4 37. a4 Nb8 38. Kg3 Nd7 39. Bc1 Nf6 40. g5 Nh5+ 41.
Kf2 Ke7 42. Bd2 Kf7 43. Kg2 Ke7 44. Be1 Kd7 45. Bf2 Nc8 46. Bg1 Nd6 47. Bh2 Kc6
48. Kf2 Kd7 49. Ke2 Kc6 50. Be5 Kd7 51. Kf2 Kc6 52. Ke1 Kd7 53. Kf2 Kc6 54. Ke1
Kd7 55. Kd2 Kc6 56. Bf1 Kd7 57. Bh3 Ke7 58. Ke2 Kd7 59. Kf2 Ke7 60. Ke2 Kd7 61.
Kd3 Kc6 62. Bg4 Nf7 63. Bh2 fxg4 64. fxg4 Nd6 65. Be5 Nf7 66. Bh2 Nd6 67. Be5
Nf7 68. Bh2 Nd6 69. Be5 1/2-1/2

[Event "Seniorsko prvenstvo Centralne "]
[Site "Vrnjacka Banja"]
[Date "2008.11.10"]
[Round "4.8"]
[White "Arsovic, Goran"]
[Black "Popovic, Predrag R"]
[Result "1/2-1/2"]
[WhiteElo "2432"]
[BlackElo "2275"]
[PlyCount "70"]
[EventDate "2008.11.08"]

1. d4 Nf6 2. Nf3 e6 3. c4 d5 4. Nc3 dxc4 5. e4 c5 6. Bxc4 cxd4 7. Nxd4 a6 8. e5
Qc7 9. Qe2 Nfd7 10. Bf4 Nc6 11. Nf3 b5 12. Bd3 Nc5 13. Bb1 Bb7 14. O-O h6 15.
Ne4 Nxe4 16. Bxe4 g5 17. Be3 Bg7 18. Rac1 Rc8 19. h3 O-O 20. Bc5 Rfd8 21. Bd6
Qd7 22. h4 g4 23. Nh2 h5 24. Qe3 f5 25. exf6 Bxf6 26. Bg3 Kg7 27. Bxc6 Bxc6 28.
Be5 Qd2 29. Qc5 Qd5 30. Bxf6+ Kxf6 31. Qc3+ Kg6 32. Qg3 Qd6 33. Qe3 Qd5 34. Qg3
Qd6 35. Qe3 Qd5 1/2-1/2

[Event "Seniorsko prvenstvo Centralne "]
[Site "Vrnjacka Banja"]
[Date "2008.11.10"]
[Round "4.9"]
[White "Milosevic, Slavisa"]
[Black "Maksimovic, Branimir"]
[Result "0-1"]
[WhiteElo "2282"]
[BlackElo "2418"]
[PlyCount "112"]
[EventDate "2008.11.08"]

1. e4 e6 2. Nf3 d5 3. Nc3 Nf6 4. e5 Nfd7 5. d4 c5 6. dxc5 Bxc5 7. Bd3 Nc6 8.
Bf4 f6 9. exf6 Nxf6 10. O-O O-O 11. Ne5 g6 12. Qd2 Nh5 13. Nxc6 bxc6 14. Be5
Qh4 15. g3 Qg4 16. Rae1 a5 17. Qe2 Qh3 18. Na4 Ba7 19. b3 Bd7 20. c4 Nf6 21. c5
Ng4 22. f4 Nxe5 23. Qxe5 Bb8 24. Qg5 Ra7 25. Nb6 Be8 26. Be2 Qf5 27. Qxf5 exf5
28. Bf3 Bf7 29. Re2 Re8 30. Rxe8+ Bxe8 31. Re1 Kf8 32. Kf2 Re7 33. Rxe7 Kxe7
34. Ke3 Bc7 35. a3 h6 36. b4 axb4 37. axb4 Bd8 38. b5 Ke6 39. Kd3 g5 40. fxg5
hxg5 41. Ke3 Bf6 42. Na8 Kd7 43. Nb6+ Ke6 44. Na8 Be5 45. b6 Kd7 46. h4 g4 47.
Be2 Bxg3 48. Bd3 Bg6 49. h5 f4+ 50. Kd4 Bxd3 51. b7 f3 52. Kxd3 d4 53. Nb6+ Kc7
54. b8=Q+ Kxb8 55. h6 f2 56. Ke2 d3+ 0-1

[Event "Seniorsko prvenstvo Centralne "]
[Site "Vrnjacka Banja"]
[Date "2008.11.10"]
[Round "4.10"]
[White "Kojovic, Dragan"]
[Black "Lazic, Zeljko"]
[Result "1-0"]
[WhiteElo "2412"]
[BlackElo "2207"]
[PlyCount "63"]
[EventDate "2008.11.08"]

1. e4 g6 2. d4 Bg7 3. Nc3 d6 4. Be3 Nf6 5. Be2 O-O 6. g4 c5 7. g5 Nfd7 8. Nf3
a6 9. a4 Nc6 10. d5 Nb4 11. h4 e6 12. dxe6 fxe6 13. h5 Ne5 14. Nxe5 Bxe5 15.
hxg6 hxg6 16. Rh6 Kg7 17. Qd2 Nc6 18. f4 Bd4 19. O-O-O Rh8 20. Rdh1 Rxh6 21.
gxh6+ Kh7 22. e5 d5 23. Bd3 Qg8 24. Bxd4 Nxd4 25. Nd1 Bd7 26. Nf2 Bxa4 27. Ng4
Rf8 28. Nf6+ Rxf6 29. exf6 Bb5 30. Qa5 Qf7 31. Bxg6+ Kxg6 32. h7 1-0

[Event "Seniorsko prvenstvo Centralne "]
[Site "Vrnjacka Banja"]
[Date "2008.11.10"]
[Round "4.11"]
[White "Stanojevic, Branko"]
[Black "Ostojic, Nikola"]
[Result "0-1"]
[WhiteElo "2275"]
[BlackElo "2398"]
[PlyCount "68"]
[EventDate "2008.11.08"]

1. d4 Nf6 2. c4 c5 3. Nf3 cxd4 4. Nxd4 e5 5. Nb5 d5 6. cxd5 Bc5 7. e3 O-O 8.
Bc4 a6 9. N5c3 e4 10. Nd2 Re8 11. a3 Bf5 12. b4 Ba7 13. Bb2 Nbd7 14. Ne2 Ne5
15. Bxe5 Rxe5 16. Ng3 Bg6 17. O-O h5 18. d6 b5 19. Ba2 Qxd6 20. Nb3 Rd5 21. Nd4
Rxd4 22. exd4 h4 23. Ne2 Ng4 24. g3 hxg3 25. hxg3 Bf5 26. Kg2 Qh6 27. Rh1 Qf6
28. Nf4 Bxd4 29. Nd5 Qe5 30. Ne7+ Qxe7 31. Qxd4 Rd8 32. Qc5 Qxc5 33. bxc5 Rd2
34. Rad1 Ne3+ 0-1

[Event "Seniorsko prvenstvo Centralne "]
[Site "Vrnjacka Banja"]
[Date "2008.11.10"]
[Round "4.12"]
[White "Tasic, Zoran"]
[Black "Novoselski, Zoran"]
[Result "0-1"]
[WhiteElo "2159"]
[BlackElo "2388"]
[PlyCount "88"]
[EventDate "2008.11.08"]

1. d4 Nf6 2. c3 b6 3. f3 Ba6 4. Nh3 e6 5. g3 c5 6. Bg2 cxd4 7. cxd4 Nc6 8. Be3
Bb4+ 9. Nd2 Nd5 10. Bf2 f5 11. a3 Bxd2+ 12. Qxd2 Na5 13. e4 Ne7 14. Qd1 Bc4 15.
Rc1 d5 16. Nf4 Qd7 17. Nd3 Qb5 18. a4 Qb3 19. Qxb3 Bxb3 20. O-O O-O 21. Rfe1
Ng6 22. exf5 exf5 23. f4 Rad8 24. Nb4 Rf7 25. Rc3 Rfd7 26. Ra1 Bc4 27. Raa3 Be2
28. Nc6 Nxc6 29. Rxc6 Ne7 30. Re6 Bd1 31. Be1 Kf7 32. Rae3 Bc2 33. Bb4 Ng8 34.
R6e5 g6 35. a5 Be4 36. Bf1 bxa5 37. Bxa5 Rb8 38. b4 Nf6 39. h3 Rc8 40. Be2 Rb7
41. Ba6 Rc1+ 42. Kf2 Rb8 43. b5 Nd7 44. Bc7 Rxc7 0-1

[Event "Seniorsko prvenstvo Centralne "]
[Site "Vrnjacka Banja"]
[Date "2008.11.10"]
[Round "4.13"]
[White "Simic, Milan A"]
[Black "Pantelic, Sasa"]
[Result "1/2-1/2"]
[WhiteElo "2136"]
[BlackElo "2293"]
[PlyCount "203"]
[EventDate "2008.11.08"]

1. d4 Nf6 2. c4 g6 3. Nc3 Bg7 4. e4 d6 5. f3 O-O 6. Be3 Nc6 7. Qd2 a6 8. Nge2
Rb8 9. Nc1 Bd7 10. Nb3 e5 11. h4 exd4 12. Nxd4 Ne5 13. O-O-O b5 14. cxb5 axb5
15. Ndxb5 Rb7 16. Na3 Qa8 17. Nc4 Be6 18. Nxe5 dxe5 19. Bb5 Bxa2 20. Bc6 Bb3
21. Bxb7 Qxb7 22. Bc5 Re8 23. g4 Qc6 24. Ba3 Bxd1 25. Rxd1 Bf8 26. Bxf8 Kxf8
27. h5 Ra8 28. Kb1 Rb8 29. hxg6 hxg6 30. Rc1 Qb6 31. Rd1 Kg7 32. Rh1 Rh8 33.
Rxh8 Kxh8 34. Qh2+ Kg8 35. Qxe5 Qg1+ 36. Ka2 Qa7+ 37. Kb1 Qg1+ 38. Ka2 Qa7+ 39.
Kb3 Qb6+ 40. Qb5 Qe6+ 41. Kb4 c6 42. Qd3 Nd7 43. Qc4 Qd6+ 44. Kb3 Ne5 45. Qe2
Qf6 46. Qf2 Nxf3 47. Qg3 Qe6+ 48. Kc2 Ne5 49. g5 Qd6 50. Ne2 c5 51. Qc3 Nc6 52.
Nc1 Nb4+ 53. Kb3 Qe6+ 54. Qc4 Qe7 55. Ka4 Nc6 56. Nb3 Qa7+ 57. Kb5 Ne5 58. Qxc5
Qb7+ 59. Ka5 Qxe4 60. Qc8+ Kh7 61. Qh3+ Kg7 62. Qc3 Qa8+ 63. Kb4 Qb8+ 64. Kc5
Kg8 65. Nd4 Qxb2 66. Qxb2 Nd3+ 67. Kd5 Nxb2 68. Nf3 Kf8 69. Ke4 Ke7 70. Kf4 Kd6
71. Nd2 Kd5 72. Kg4 Nd3 73. Nf1 Ke5 74. Nd2 Kd4 75. Kf3 Ke5 76. Kg4 Nc5 77.
Nc4+ Kd5 78. Nd2 Ne4 79. Nf3 Nf2+ 80. Kf4 Nd3+ 81. Ke3 Ne5 82. Ne1 Nc6 83. Kf4
Nb4 84. Nf3 Nc6 85. Ne1 Nd8 86. Nd3 Kd4 87. Nb4 Ne6+ 88. Kg4 Ke4 89. Nc6 Ke3
90. Ne5 Nd8 91. Nc4+ Kd4 92. Nd6 Kd5 93. Nb5 Ke5 94. Nc3 Nc6 95. Nb5 Nd4 96.
Nc3 Nf5 97. Nd1 Kd4 98. Kf4 Ne7 99. Nf2 Nd5+ 100. Kg4 Ke3 101. Nd1+ Ke2 102.
Nb2 1/2-1/2

[Event "Seniorsko prvenstvo Centralne "]
[Site "Vrnjacka Banja"]
[Date "2008.11.10"]
[Round "4.14"]
[White "Sredojevic, Ivan"]
[Black "Misojcic, Miroslav"]
[Result "1-0"]
[WhiteElo "2396"]
[BlackElo "2221"]
[PlyCount "63"]
[EventDate "2008.11.08"]

1. d4 d5 2. Nf3 e6 3. c4 c5 4. cxd5 exd5 5. g3 Nc6 6. Bg2 Nf6 7. O-O Be7 8. Nc3
O-O 9. b3 b6 10. Bb2 Be6 11. Rc1 Rc8 12. dxc5 d4 13. Nb1 bxc5 14. Ba3 Nd7 15.
Ne1 Qa5 16. Nd3 Rfe8 17. Nf4 Bf5 18. Qd2 Qb5 19. Nd5 Bd6 20. Rfe1 Be4 21. Bxe4
Rxe4 22. Ndc3 dxc3 23. Nxc3 Rd4 24. Nxb5 Rxd2 25. Rcd1 Rxa2 26. Nxd6 Rb8 27.
Nc4 Nd4 28. Bxc5 Nxb3 29. Be3 Ndc5 30. Rd5 Rc8 31. Nd6 Rc6 32. Nf5 1-0

[Event "Seniorsko prvenstvo Centralne "]
[Site "Vrnjacka Banja"]
[Date "2008.11.10"]
[Round "4.15"]
[White "Misic, Dragan"]
[Black "Mitrovic, Darko R"]
[Result "1/2-1/2"]
[WhiteElo "2229"]
[BlackElo "2362"]
[PlyCount "172"]
[EventDate "2008.11.08"]

1. d4 Nf6 2. Nf3 e6 3. c4 b6 4. g3 Bb7 5. Bg2 d5 6. Nc3 dxc4 7. Qa4+ Nbd7 8.
Qxc4 Be7 9. O-O O-O 10. Re1 c5 11. dxc5 Nxc5 12. Bg5 Rc8 13. Qd4 h6 14. Bf4 Qe8
15. Rad1 Rd8 16. Qe5 g5 17. Rxd8 Qxd8 18. Be3 Ng4 19. Qd4 Qxd4 20. Bxd4 Rd8 21.
Rd1 Ne4 22. Nxe4 Bxe4 23. Rd2 Rc8 24. Bc3 Bc5 25. Nd4 Bxg2 26. Kxg2 Nf6 27.
Nxe6 Ne4 28. Rd8+ Rxd8 29. Nxd8 Bxf2 30. Nc6 a5 31. Kf3 Nxc3 32. bxc3 Be1 33.
c4 Kg7 34. Ke4 Kf6 35. g4 Ke6 36. Ne5 Bc3 37. Nd3 a4 38. h3 Ba1 39. Nb4 Kd6 40.
Nd3 Ke6 41. Nb4 Kd6 42. Nd3 Kc6 43. e3 a3 44. Nb4+ Kc5 45. Nc2 Bb2 46. Kd3 Bc1
47. Nd4 Kb4 48. Nf5 f6 49. Nxh6 Bb2 50. Nf5 Be5 51. h4 gxh4 52. Nxh4 Ba1 53.
Nf3 Bb2 54. Nd4 Kc5 55. Nb3+ Kb4 56. Nd2 Kc5 57. Nf3 Kb4 58. g5 fxg5 59. Nxg5
b5 60. cxb5 Kxb5 61. Ne6 Be5 62. Nd4+ Kc5 63. Nb3+ Kb4 64. Nd2 Bg7 65. Nc4 Bf6
66. e4 Be7 67. Ne3 Kc5 68. Nc2 Kc6 69. Kc4 Kd6 70. Nd4 Bf8 71. Nb5+ Ke5 72. Kd3
Bc5 73. Nc3 Bd4 74. Nb1 Bb2 75. Nd2 Bc1 76. Nc4+ Ke6 77. Kc2 Bh6 78. Nxa3 Kd6
79. Kd3 Kc5 80. Nc2 Bg7 81. Ne3 Kb4 82. Nc4 Bh8 83. a3+ Kb3 84. Nd6 Kxa3 85.
Kc4 Kb2 86. Nf7 Bg7 1/2-1/2

[Event "Seniorsko prvenstvo Centralne "]
[Site "Vrnjacka Banja"]
[Date "2008.11.10"]
[Round "4.16"]
[White "Irizanin, Radoje"]
[Black "Ilic, Dragan B"]
[Result "1-0"]
[WhiteElo "2339"]
[BlackElo "2256"]
[PlyCount "83"]
[EventDate "2008.11.08"]

1. d4 Nf6 2. Nf3 e6 3. e3 c5 4. Bd3 b6 5. O-O Bb7 6. Nbd2 Be7 7. c3 O-O 8. e4
d6 9. Re1 cxd4 10. cxd4 Nc6 11. Nf1 e5 12. d5 Nb4 13. Bb1 a5 14. Ng3 Nd7 15.
Nf5 Nc5 16. Nxe7+ Qxe7 17. Bg5 f6 18. Be3 Qd7 19. Nh4 Rac8 20. a3 Nba6 21. Bc2
b5 22. Nf5 g6 23. Ng3 Rc7 24. f4 exf4 25. Bxf4 Bc8 26. Bh6 Rf7 27. Rf1 Qe8 28.
Bf4 Qe7 29. Qd2 b4 30. axb4 Nxb4 31. Bd1 Rb7 32. Rxa5 Nbd3 33. Ra8 Rf8 34. Bh6
Re8 35. Qc3 Nxb2 36. Be2 Qe5 37. Qxe5 fxe5 38. Bg4 Rc7 39. Bxc8 Rcxc8 40. Ra7
Ra8 41. Rg7+ Kh8 42. Rff7 1-0

[Event "Seniorsko prvenstvo Centralne "]
[Site "Vrnjacka Banja"]
[Date "2008.11.10"]
[Round "4.17"]
[White "Dodic, Dragan"]
[Black "Nadj Hedjesi, Balind"]
[Result "0-1"]
[WhiteElo "2148"]
[BlackElo "2296"]
[PlyCount "84"]
[EventDate "2008.11.08"]

1. d4 d5 2. Nf3 Nf6 3. Bg5 Ne4 4. Bf4 c5 5. e3 Nc6 6. c3 Bg4 7. Be2 e6 8. Nbd2
Nxd2 9. Nxd2 Bxe2 10. Qxe2 cxd4 11. exd4 Be7 12. O-O O-O 13. Nf3 Qd7 14. Rfe1
Rfc8 15. h3 a6 16. a4 Bf6 17. Be5 Nxe5 18. Nxe5 Bxe5 19. Qxe5 Rc4 20. a5 Rac8
21. f4 g6 22. g4 Qb5 23. Re2 Re8 24. f5 Ra4 25. Rae1 Qd3 26. Kg2 Rxa5 27. fxe6
fxe6 28. Rf2 Qc4 29. Qf6 Qc8 30. Qf7+ Kh8 31. Rf6 Rg8 32. Rfxe6 Qf8 33. Qd7 Ra2
34. R6e2 Qd8 35. Qxb7 Qa8 36. Qc7 Qb8 37. Qf7 Rxb2 38. Qxd5 Re8 39. Qf3 Qb5 40.
Kf2 Kg7 41. Rxb2 Qxb2+ 42. Kf1 Rf8 0-1

[Event "Seniorsko prvenstvo Centralne "]
[Site "Vrnjacka Banja"]
[Date "2008.11.10"]
[Round "4.18"]
[White "Gavrilovic, Leonardo"]
[Black "Radosavljevic, Slobodan D"]
[Result "1-0"]
[WhiteElo "2188"]
[BlackElo "2267"]
[PlyCount "53"]
[EventDate "2008.11.08"]

1. Nf3 Nf6 2. c4 g6 3. g3 Bg7 4. Bg2 O-O 5. O-O c5 6. d4 cxd4 7. Nxd4 Nc6 8.
Nc3 d6 9. Nc2 Nd7 10. Qd2 a5 11. b3 Nc5 12. Bb2 a4 13. b4 a3 14. Nxa3 Nxb4 15.
Nd5 Bxb2 16. Qxb2 Nxd5 17. cxd5 Ra4 18. Rfc1 Qa5 19. Nb1 Bf5 20. Nc3 Rb4 21.
Qd2 Qa3 22. h3 h5 23. Kh2 Ra8 24. Qg5 Re8 25. Bf3 f6 26. Qh6 Nd7 27. g4 1-0

[Event "Seniorsko prvenstvo Centralne "]
[Site "Vrnjacka Banja"]
[Date "2008.11.10"]
[Round "4.20"]
[White "Pavicevic, Jovan"]
[Black "Vasic, Vladimir"]
[Result "1/2-1/2"]
[WhiteElo "2093"]
[BlackElo "2191"]
[PlyCount "55"]
[EventDate "2008.11.08"]

1. e4 e5 2. Nf3 Nc6 3. Bb5 a6 4. Bxc6 dxc6 5. O-O Bg4 6. h3 h5 7. d3 Qf6 8.
Nbd2 Bc5 9. Nc4 Bxf3 10. Qxf3 Qxf3 11. gxf3 f6 12. Be3 Bxe3 13. fxe3 Ne7 14. f4
exf4 15. exf4 O-O-O 16. f5 c5 17. Rf2 Nc6 18. Ne3 Ne5 19. b3 b5 20. a4 c4 21.
dxc4 bxc4 22. Nd5 c6 23. Nf4 Rd4 24. Re1 cxb3 25. cxb3 Rhd8 26. Ne6 Rd1 27.
Rxd1 Rxd1+ 28. Kg2 1/2-1/2

[Event "Seniorsko prvenstvo Centralne "]
[Site "Vrnjacka Banja"]
[Date "2008.11.10"]
[Round "4.21"]
[White "Tasic, Vladimir"]
[Black "Matejic, Dragoljub"]
[Result "1-0"]
[WhiteElo "2241"]
[BlackElo "1918"]
[PlyCount "75"]
[EventDate "2008.11.08"]

1. f4 d5 2. Nf3 g6 3. e3 Bg7 4. d4 Nf6 5. c4 e6 6. Nc3 c6 7. Bd3 Nbd7 8. O-O
O-O 9. b3 a6 10. a4 b6 11. Ba3 c5 12. cxd5 exd5 13. Ne5 Bb7 14. Rc1 Re8 15. Qf3
Rc8 16. h3 Rc7 17. a5 cxd4 18. exd4 b5 19. Bb1 Bf8 20. b4 Bd6 21. Ba2 Kg7 22.
Qd3 Qe7 23. Qb1 Rec8 24. Qb3 Nf8 25. f5 Bxe5 26. dxe5 Qxe5 27. Bb2 Qe3+ 28. Kh2
d4 29. Rce1 Qg5 30. Re2 Qh5 31. fxg6 Rc4 32. Rxf6 Kxf6 33. Ne4+ Kxg6 34. Qg3+
Kh6 35. Bxc4 Rxc4 36. Nd6 Bd5 37. Re5 Qg6 38. Nf5+ 1-0

[Event "Seniorsko prvenstvo Centralne "]
[Site "Vrnjacka Banja"]
[Date "2008.11.10"]
[Round "4.22"]
[White "Dolovic, Dusko"]
[Black "Boskovic, Maksimilijan"]
[Result "1-0"]
[WhiteElo "2199"]
[BlackElo "1903"]
[PlyCount "117"]
[EventDate "2008.11.08"]

1. Nf3 Nf6 2. d4 g6 3. c4 Bg7 4. Nc3 O-O 5. e4 d6 6. Be2 e5 7. O-O Nbd7 8. h3
exd4 9. Nxd4 Nc5 10. Bf3 a5 11. Re1 Re8 12. Bf4 Nfd7 13. Qd2 Ne5 14. Be2 Bd7
15. Bg5 Qc8 16. Bf1 f5 17. exf5 Bxf5 18. f4 Nc6 19. Rxe8+ Qxe8 20. Nxf5 gxf5
21. Re1 Qf7 22. Bh4 Bxc3 23. Qxc3 Ne4 24. Qc2 Re8 25. a3 Nd4 26. Qd3 c5 27. g4
d5 28. cxd5 Qxd5 29. Bg2 c4 30. Qd1 Qc5 31. Kh2 Qd6 32. Bg3 Kh8 33. Qc1 Qc6 34.
gxf5 Nxf5 35. Rxe4 Rxe4 36. Bf2 Qe6 37. Bxe4 Qxe4 38. Qd2 Ne7 39. Qxa5 Qxf4+
40. Bg3 Qf8 41. Qe5+ Kg8 42. Qb5 Qc8 43. Bd6 Nf5 44. Qd5+ Kg7 45. Be5+ Kf8 46.
a4 Ke7 47. Bf4 Kf6 48. Qe5+ Kg6 49. h4 Qd7 50. a5 Kh5 51. Qe2+ Kxh4 52. Qxc4
Nd4 53. Bg3+ Kg4 54. Be5 Kf3 55. Qd3+ Kg4 56. Qh3+ Kg5 57. Qxd7 Nf3+ 58. Kg3
Nxe5 59. Qxb7 1-0

[Event "Seniorsko prvenstvo Centralne "]
[Site "Vrnjacka Banja"]
[Date "2008.11.10"]
[Round "4.23"]
[White "Kolbert, Engelbert"]
[Black "Gagic, Miroljub"]
[Result "0-1"]
[WhiteElo "2189"]
[BlackElo "1851"]
[PlyCount "102"]
[EventDate "2008.11.08"]

1. Nf3 d5 2. b3 Nf6 3. Bb2 e6 4. c4 Be7 5. g3 O-O 6. Bg2 Nbd7 7. O-O Rb8 8. Nc3
dxc4 9. bxc4 c5 10. e4 b6 11. e5 Ne8 12. Re1 Ba6 13. Nb5 Bxb5 14. cxb5 Nc7 15.
Qa4 Nd5 16. a3 Qc7 17. Qc4 Rfd8 18. Nh4 Nf8 19. Nf5 Ng6 20. h4 Bf8 21. h5 Nge7
22. Nd6 Rd7 23. Rac1 Nc8 24. Ne4 Qd8 25. h6 g6 26. Bh3 Bxh6 27. Re2 Nce7 28.
Rce1 Nf5 29. Bxf5 gxf5 30. Nf6+ Nxf6 31. exf6 Bg5 32. Be5 Rbb7 33. Qc3 Rd3 34.
Qb2 Rbd7 35. f4 Rxd2 36. Qxd2 Rxd2 37. fxg5 h6 38. gxh6 Kh7 39. Kf2 Rd3 40. Rh1
Qd5 41. Rhe1 c4 42. Re3 Rxe3 43. Rxe3 Qxb5 44. Bc3 a5 45. Ke2 Qc5 46. Bb2 b5
47. Re5 Qc6 48. Bc3 Qg2+ 49. Kd1 Qxg3 50. Kc2 Qd3+ 51. Kb2 b4 0-1

[Event "Seniorsko prvenstvo Centralne "]
[Site "Vrnjacka Banja"]
[Date "2008.11.10"]
[Round "4.30"]
[White "Ostojic, Slobodan"]
[Black "Adamovic, Strahinja"]
[Result "1-0"]
[WhiteElo "1921"]
[BlackElo "2025"]
[PlyCount "79"]
[EventDate "2008.11.08"]

1. c4 Nf6 2. Nc3 d5 3. cxd5 Nxd5 4. g3 g6 5. Bg2 Nxc3 6. bxc3 Bg7 7. Nf3 O-O 8.
O-O Nd7 9. Qc2 c5 10. Bb2 c4 11. Ba3 Qc7 12. Rfe1 Nc5 13. Qb2 Ne4 14. Nd4 Nd6
15. Rad1 Rb8 16. Nb5 Qb6 17. Nxd6 Qxb2 18. Bxb2 exd6 19. Ba3 Rd8 20. Rb1 b5 21.
Bb4 Bb7 22. Ba5 Rdc8 23. Rxb5 Bxg2 24. Rxb8 Rxb8 25. Kxg2 Rb2 26. Rd1 Rxa2 27.
Bc7 d5 28. Kf3 Bf6 29. e4 dxe4+ 30. Kxe4 g5 31. g4 Kg7 32. Kd5 Ra4 33. Bd6 Bd8
34. f3 Bb6 35. Bb4 a5 36. Bd6 Kf6 37. Kc6 Ba7 38. Kb5 Ra2 39. Kxc4 Ke6 40. Kb3
1-0

[Event "Seniorsko prvenstvo Centralne "]
[Site "Vrnjacka Banja"]
[Date "2008.11.10"]
[Round "4.31"]
[White "Filipovic, Tomislav S"]
[Black "Stojanovic, Vladimir M"]
[Result "0-1"]
[WhiteElo "1989"]
[BlackElo "1944"]
[PlyCount "110"]
[EventDate "2008.11.08"]

1. d4 d5 2. Nf3 Nf6 3. c4 c6 4. cxd5 cxd5 5. Nc3 Bg4 6. Ne5 Bf5 7. e3 a6 8.
Qa4+ Nbd7 9. Bd2 b5 10. Qb3 e6 11. Nd3 Bd6 12. f4 O-O 13. Nf2 Ng4 14. Nxg4 Bxg4
15. g3 Bf3 16. Rg1 Bh5 17. Nd1 Qe7 18. Nf2 Nb6 19. a3 Bg6 20. Bd3 Bxd3 21. Qxd3
Nc4 22. Bc3 a5 23. Nd1 b4 24. axb4 axb4 25. Rxa8 Rxa8 26. Bd2 Ra1 27. Qb3 Qb7
28. Rg2 Qb5 29. Re2 g6 30. Rg2 f6 31. Rf2 Kg7 32. g4 e5 33. g5 e4 34. h4 Na5
35. Qc2 Qc4 36. Qxc4 Nxc4 37. Ke2 Rb1 38. Be1 Nxb2 39. Nxb2 Rxb2+ 40. Kd1 Rxf2
41. Bxf2 fxg5 42. hxg5 h6 43. gxh6+ Kxh6 44. Kc2 Kh5 45. Be1 Kg4 46. Bd2 Kf3
47. Bc1 Ke2 48. Kb1 Kd1 49. Bb2 Be7 50. Bc1 g5 51. fxg5 Bxg5 52. Kb2 Ke2 53.
Kc2 Bxe3 54. Bb2 Bd2 55. Kb3 Kd3 0-1